01746nam a2200313 a 450000100100000000500170001000800410002704000250006808200160009310000380010924501090014726001140025630000210037050000840039150500670047559000260054265000350056865000500060365000320065365000310068565000380071670000440075495201280079895201280092695201280105495201140118295201190129699900170141500001490120200929163923.0100127s2006 dr a r 000 0 spa d aDO-SdBNPbspacBNPHU a613.2bE79i1 aEstévez Medina , Arcenio93127710aImportancia de los nutrientes en la salud /cArcenio Estévez Medina ; prólogo Rafael p. Rodríguez. aSantiago de los Caballeros, República Dominicana :bBrigada de Salud Popular :Cienfuegos,c2006.fGrafi-Sol a156 p. ;c18 cm. aDiagnóstico de nutrición en Cien Fuegos , Santiago, República Dominicana.2 aVitaminas -- proteinas -- Carbohidratos -- Minerales -- Grasas aInventariado, 2019/BT 4aDesnutrición infantil933743 4aDesnutriciónxPrevención y control933744 4aHabitos alimenticios920094 4aPlantas medicinales921554 4aComposición de alimentos9337451 aRodríguez, Rafael P.,epról.912299 001054708DSaGRbGRcHDd2010-01-27iLF1l0o613.2 E79ip14901-30r2020-06-25te.3w2020-06-25yLFDSZPréstamo en sala 001054708DSaGRbGRcHDd2010-01-27iLF1l0o613.2 E79ip14901-40r2020-06-25te.4w2020-06-25yLFDSZPréstamo en sala 001054708DSaGRbGRcHDd2010-01-27iLF1l0o613.2 E79ip14901-50r2020-06-25te.5w2020-06-25yLFDSZPréstamo en sala 0010718PDaPDbPDcHDd2010-01-27iLF1l0o613.2 E79ip14901-10r2020-06-25w2020-06-25yLFPDZNo se presta 0010718PDaPDbPDcHDd2010-01-27iLF1l0o613.2 E79ip14901-20r2020-06-25te.2w2020-06-25yLFPDZNo se presta c14481d14481